| 000 | 00701nam a2200229Ia 4500 | ||
|---|---|---|---|
| 003 | OSt | ||
| 005 | 20221006164312.0 | ||
| 006 | a|||||r|||| 00| 0 | ||
| 007 | ta | ||
| 008 | 221006b |||||||| |||| 00| 0 eng d | ||
| 024 | _a1,839 | ||
| 037 | _cTextual | ||
| 040 |
_aFML _cFML _beng |
||
| 041 |
_2eng _aeng |
||
| 082 | _aNS44x1,1, 111L0;M7 | ||
| 100 | _aNandikeshvara Au. | ||
| 245 | 0 |
_aAbhinaya Darpana _b Tr. In English The Mirror of Gesture by Anand Kumarswami & Gopal Krishnayya Duggivala |
|
| 260 |
_aNew Delhi _bMunshiram Manoharlal _c1987 |
||
| 300 |
_a52 _ccm. |
||
| 942 |
_hNS44x1,1, 111L0;M7 _cTEXL _2CC |
||
| 999 |
_c1116795 _d1116795 |
||